Illegal activity in the UK halal (sheep) supply chain: Towards greater understanding / (Record no. 62)

MARC details
000 -LEADER
fixed length control field 01039nmb a2200289uu 4500
001 - CONTROL NUMBER
control field 02675
003 - CONTROL NUMBER IDENTIFIER
control field HDC
007 - PHYSICAL DESCRIPTION FIXED FIELD--GENERAL INFORMATION
fixed length control field cr ca aaaau
008 - FIXED-LENGTH DATA ELEMENTS--GENERAL INFORMATION
fixed length control field 201217p201704 ne ||||| |||| 00| 0 eng d
040 ## - CATALOGING SOURCE
Original cataloging agency HDC
100 ## - MAIN ENTRY--PERSONAL NAME
Personal name McElwee, Gerard
9 (RLIN) 298
245 #0 - TITLE STATEMENT
Title Illegal activity in the UK halal (sheep) supply chain: Towards greater understanding /
Statement of responsibility, etc. Gerard McElwee, Robert Smith, John Lever
260 ## - PUBLICATION, DISTRIBUTION, ETC.
Place of publication, distribution, etc. Amsterdam, Netherland :
Name of publisher, distributor, etc. Elsevier Ltd.,
Date of publication, distribution, etc. 2017
300 ## - PHYSICAL DESCRIPTION
Extent 1 online resources (10 pages)
Other physical details iIlustrations
336 ## - CONTENT TYPE
Content type term text
Source rdacontent
337 ## - MEDIA TYPE
Media type term computer
Source rdamedia
338 ## - CARRIER TYPE
Carrier type term online resource
Source rdacarrier
650 ## - SUBJECT ADDED ENTRY--TOPICAL TERM
Topical term or geographic name entry element Halal
9 (RLIN) 294
650 ## - SUBJECT ADDED ENTRY--TOPICAL TERM
Topical term or geographic name entry element Illegal food supply
9 (RLIN) 299
650 ## - SUBJECT ADDED ENTRY--TOPICAL TERM
Topical term or geographic name entry element Illegal rural enterprise
9 (RLIN) 300
700 ## - ADDED ENTRY--PERSONAL NAME
Personal name Lever, John
Relator term author
9 (RLIN) 114
700 ## - ADDED ENTRY--PERSONAL NAME
Personal name Smith, Robert
Relator term author
9 (RLIN) 301
856 ## - ELECTRONIC LOCATION AND ACCESS
Public note Request full-text at [email protected]
942 ## - ADDED ENTRY ELEMENTS (KOHA)
Source of classification or shelving scheme Library of Congress Classification
942 ## - ADDED ENTRY ELEMENTS (KOHA)
Koha item type Articles
942 ## - ADDED ENTRY ELEMENTS (KOHA)
Call number prefix JART 001004
Holdings
Withdrawn status Lost status Source of classification or shelving scheme Damaged status Not for loan Home library Current library Shelving location Date acquired Total checkouts Full call number Date last seen Price effective from Koha item type
    Library of Congress Classification     Halal Development Corporation Library Halal Development Corporation Library Open Shelves 24/05/2023   JART 001004 24/05/2023 24/05/2023 Articles
Halal Development Corporation Berhad (HDC)
5.02 Level 5, KPMG Tower, First Avenue, Persiaran Bandar Utama, 47800 Petaling Jaya, Selangor Darul Ehsan
Phone: +603 7965 5489 Email: [email protected]